A magyar kortárs pogány narratívumok nemzeti identitáskonstrukciói
Elmentve itt :
| Szerző: | |
|---|---|
| Testületi szerző: | |
| Dokumentumtípus: | Könyv része |
| Megjelent: |
2014
|
| Sorozat: | A vallási kultúrakutatás könyvei
Sámán sámán hátán : a kortárs pogányság multidiszciplináris elemzése |
| Kulcsszavak: | Vallástudomány, Pogányság, Néphit, Vallástörténet |
| Tárgyszavak: | |
| Online Access: | http://acta.bibl.u-szeged.hu/67110 |
| LEADER | 01105naa a2200265 i 4500 | ||
|---|---|---|---|
| 001 | acta67110 | ||
| 005 | 20211125090613.0 | ||
| 008 | 200521s2014 hu o 0|| hun d | ||
| 020 | |a 978-963-306-256-2 | ||
| 022 | |a 2064-4825 | ||
| 040 | |a SZTE Egyetemi Kiadványok Repozitórium |b hun | ||
| 041 | |a hun | ||
| 100 | 1 | |a Szilárdi Réka | |
| 245 | 1 | 2 | |a A magyar kortárs pogány narratívumok nemzeti identitáskonstrukciói |h [elektronikus dokumentum] / |c Szilárdi Réka |
| 260 | |c 2014 | ||
| 300 | |a 11-23 | ||
| 490 | 0 | |a A vallási kultúrakutatás könyvei | |
| 490 | 0 | |a Sámán sámán hátán : a kortárs pogányság multidiszciplináris elemzése | |
| 650 | 4 | |a Társadalomtudományok | |
| 650 | 4 | |a Szociológia | |
| 650 | 4 | |a Bölcsészettudományok | |
| 650 | 4 | |a Filozófia, etika és vallástudományok | |
| 695 | |a Vallástudomány, Pogányság, Néphit, Vallástörténet | ||
| 710 | |a Sámán sámán hátán : a kortárs pogányság multidiszciplináris vizsgálata (2013) (Szeged) | ||
| 856 | 4 | 0 | |u http://acta.bibl.u-szeged.hu/67110/1/vallasi_kulturakutatas_konyvei_006_011-023.pdf |z Dokumentum-elérés |